| 000 | 00655nam a2200241 a 4500 | ||
|---|---|---|---|
| 001 | nice12345678 | ||
| 003 | IN_TiNIC | ||
| 005 | 20260116011402.0 | ||
| 008 | 050524s1927 lona grp 000 0 eng | ||
| 020 |
_a _c100 |
||
| 082 | 0 | 0 |
_a226.3 _bRAW |
| 100 | _aRawlinson, A E J | ||
| 245 |
_aGospel According to St Mark _b 2nd Edidtion. |
||
| 260 |
_aLondon _bMethuen and Company _c1927 |
||
| 300 | _a278p | ||
| 500 | _aincludes index and biblioraphy | ||
| 505 | 2 | _awith Introduction, Commentary and additional notes and Index. | |
| 650 | _aBible N.T. Gospel Mark | ||
| 700 | 1 | _aRawlinson, A E J | |
| 902 | _bSRS | ||
| 942 | _cBK | ||
| 999 |
_c1078 _d1078 |
||